[Event "Andorra Open"]
[Site "Escaldes"]
[Date "2019.07.29"]
[Round "3.21"]
[White "Gomez Anadon, Daniel"]
[Black "Ano Tafalla, Santiago"]
[Result "1/2-1/2"]
[WhiteElo "2305"]
[BlackElo "2105"]
[PlyCount "103"]
[EventDate "2019.07.27"]
[EventType "swiss"]
[EventRounds "9"]
[EventCountry "AND"]

1. e4 g6 2. d4 Bg7 3. Nc3 c6 4. f4 d5 5. e5 Nh6 6. Nf3 O-O 7. Be2 Bg4 8. Be3
Nf5 9. Bf2 f6 10. O-O e6 11. h3 Bxf3 12. Bxf3 fxe5 13. fxe5 c5 14. Ne2 cxd4 15.
Nxd4 Nxd4 16. Bxd4 Nc6 17. c3 Bxe5 18. Bxe5 Nxe5 19. Qe2 Nxf3+ 20. Rxf3 Rxf3
21. Qxf3 Qb6+ 22. Kh1 Rf8 23. Qg4 Qd6 24. Qd4 b6 25. Qe3 e5 26. Re1 Qe6 27. Kg1
Re8 28. Rd1 Re7 29. Rf1 Kg7 30. Rf2 e4 31. Rf1 Kg8 32. Rd1 Rf7 33. a4 Qe5 34.
Rd4 Re7 35. Rd2 Rd7 36. Rd4 Rd6 37. Rd2 g5 38. Rd4 Re6 39. c4 dxc4 40. Rxc4 Kf7
41. Rd4 Kg6 42. b4 a5 43. bxa5 bxa5 44. Rc4 h6 45. Rc8 Qa1+ 46. Kh2 Qxa4 47.
Qc3 Rf6 48. Rg8+ Kf7 49. Qc8 Qc6 50. Rf8+ Kg6 51. Rg8+ Kf7 52. Rf8+ 1/2-1/2

[Event "Andorra Open"]
[Site "Escaldes"]
[Date "2019.07.29"]
[Round "3.22"]
[White "Fedorchuk, Sergey A"]
[Black "Lund, Frode Ryan"]
[Result "1-0"]
[WhiteElo "2633"]
[BlackElo "2052"]
[PlyCount "67"]
[EventDate "2019.07.27"]
[EventType "swiss"]
[EventRounds "9"]
[EventCountry "AND"]

1. e4 c6 2. d4 d5 3. Nd2 dxe4 4. Nxe4 Bf5 5. Ng3 Bg6 6. Nh3 e6 7. Nf4 Bd6 8. c3
Nd7 9. h4 Bxf4 10. Bxf4 h6 11. h5 Bh7 12. Qg4 Qf6 13. O-O-O Ne7 14. f3 O-O 15.
Ne4 Qf5 16. Qxf5 Nxf5 17. g4 Ne7 18. Nd6 Nd5 19. Bd2 b5 20. Rg1 N7f6 21. Re1
Rfd8 22. Ne4 a5 23. g5 Nxh5 24. gxh6 Bf5 25. hxg7 Nxg7 26. Bg5 Rdc8 27. Nd6 Bg6
28. Nxc8 Rxc8 29. Kd2 Nh5 30. Bd3 Nhf4 31. Bxf4 Nxf4 32. Be4 Kg7 33. Rg4 Nd5
34. Bxg6 1-0

[Event "Andorra Open"]
[Site "Escaldes"]
[Date "2019.07.29"]
[Round "3.23"]
[White "Rychagov, Andrey"]
[Black "Ros Alonso, Joana"]
[Result "1-0"]
[WhiteElo "2537"]
[BlackElo "2045"]
[PlyCount "71"]
[EventDate "2019.07.27"]
[EventType "swiss"]
[EventRounds "9"]
[EventCountry "AND"]

1. d4 Nf6 2. c4 g6 3. Nc3 d5 4. Nf3 Bg7 5. cxd5 Nxd5 6. Bg5 c5 7. Rc1 Nxc3 8.
bxc3 Nc6 9. e3 O-O 10. Qd2 Bf5 11. Be2 h6 12. Bh4 Qa5 13. O-O Rfd8 14. Qb2 Rd7
15. Bc4 a6 16. d5 Ne5 17. Nxe5 Bxe5 18. e4 Bxe4 19. Rfe1 Bxd5 20. Bxd5 Rxd5 21.
Qxb7 Rad8 22. Bxe7 R8d7 23. Qc8+ Kh7 24. c4 Rd2 25. Qxc5 Qxc5 26. Bxc5 Bd4 27.
Bxd4 R7xd4 28. c5 Rxa2 29. c6 Rdd2 30. c7 Rxf2 31. Re7 Rxg2+ 32. Kf1 Rgf2+ 33.
Ke1 Rac2 34. Rxc2 Rxc2 35. Rxf7+ Kg8 36. Rd7 1-0

[Event "Andorra Open"]
[Site "Escaldes"]
[Date "2019.07.29"]
[Round "3.24"]
[White "Rojano Cano, Francisco Jose"]
[Black "Henderson De La Fuente, Lance"]
[Result "0-1"]
[WhiteElo "2056"]
[BlackElo "2471"]
[PlyCount "126"]
[EventDate "2019.07.27"]
[EventType "swiss"]
[EventRounds "9"]
[EventCountry "AND"]

1. e4 e6 2. d4 d5 3. Nc3 Bb4 4. e5 c5 5. a3 Ba5 6. b4 cxd4 7. Nb5 Bc7 8. Nf3
Nc6 9. Nxc7+ Qxc7 10. Bb5 Nge7 11. O-O O-O 12. Re1 a5 13. Bd3 Ng6 14. Bxg6 fxg6
15. b5 Ne7 16. Nxd4 Nf5 17. Bb2 Bd7 18. a4 Nxd4 19. Bxd4 Rac8 20. c3 g5 21. Qd2
h6 22. Qd3 Be8 23. Qe3 Rf4 24. Qc1 Bg6 25. Qa3 Qf7 26. Qd6 Bf5 27. Be3 Rh4 28.
f3 Rxc3 29. Rac1 Rhc4 30. Rxc3 Rxc3 31. Qd8+ Kh7 32. Qxa5 Rc4 33. Rc1 Bc2 34.
Qd2 Bxa4 35. Rxc4 dxc4 36. Qb4 Bb3 37. b6 Qf5 38. Qc3 g4 39. fxg4 Qxg4 40. h3
Qe4 41. Qd4 Qc2 42. Qh4 Qf5 43. Qd4 Qb1+ 44. Kh2 Qc2 45. Qh4 Qg6 46. Qd4 Qf7
47. Qe4+ Kg8 48. Qd4 Qf1 49. Qc5 Kh7 50. Qd4 Bc2 51. Kg3 Bd3 52. Qf4 Qe1+ 53.
Bf2 Qe2 54. Qe3 Qc2 55. Be1 c3 56. Qf2 Qc1 57. Kh2 Bb5 58. h4 Kg8 59. Qa2 Qxe1
60. Qxe6+ Kh8 61. Qc8+ Kh7 62. h5 Qh4+ 63. Kg1 Qe4 0-1

[Event "Andorra Open"]
[Site "Escaldes"]
[Date "2019.07.29"]
[Round "3.25"]
[White "Garcia Gracia, Victor Hugo"]
[Black "Mosquera, Miguel"]
[Result "0-1"]
[WhiteElo "2032"]
[BlackElo "2385"]
[PlyCount "134"]
[EventDate "2019.07.27"]
[EventType "swiss"]
[EventRounds "9"]
[EventCountry "AND"]

1. e4 d5 2. exd5 Qxd5 3. Nc3 Qa5 4. d4 Nf6 5. Bd3 Nc6 6. Be3 Bg4 7. Qd2 O-O-O
8. f3 Bf5 9. O-O-O e6 10. Bxf5 Qxf5 11. Nge2 Bb4 12. Qd3 Qa5 13. Kb1 Rhe8 14.
a3 Be7 15. Nc1 Qh5 16. Nb3 Nd5 17. Ne4 Nxe3 18. Qxe3 Qb5 19. Qd3 Qxd3 20. Rxd3
f5 21. Ned2 Bf6 22. c3 e5 23. d5 e4 24. fxe4 fxe4 25. Re3 Rxd5 26. Rxe4 Red8
27. Nf3 Ne5 28. Nxe5 Rxe5 29. Rhe1 Rg5 30. R1e2 Rd1+ 31. Kc2 Rg1 32. g3 b6 33.
Nd4 Rd5 34. Nc6 Kb7 35. Nb4 Rh5 36. Rf2 Rh1 37. Ree2 Be5 38. Nd3 Bd6 39. Kd2 a5
40. Kc2 a4 41. Kd2 b5 42. Kc2 Kc6 43. Nf4 Bxf4 44. gxf4 g6 45. Kd3 Kd5 46. Kc2
Kc4 47. Re4+ Kc5 48. Ree2 c6 49. Kd2 Rb1 50. Kc2 Rg1 51. Re7 Rg4 52. Ree2 Rf5
53. Re7 h5 54. Re4 g5 55. Re5+ Rxe5 56. fxe5 Kd5 57. Re2 Ke6 58. Kd3 Rf4 59.
Rg2 g4 60. Re2 h4 61. Ke3 Kxe5 62. Rd2 Rf3+ 63. Ke2 c5 64. c4 bxc4 65. Rc2 Kd4
66. Rd2+ Rd3 67. Rc2 c3 0-1

[Event "Andorra Open"]
[Site "Escaldes"]
[Date "2019.07.30"]
[Round "4.2"]
[White "Kogan, Arthur"]
[Black "Roselli Mailhe, Bernardo"]
[Result "1/2-1/2"]
[WhiteElo "2535"]
[BlackElo "2471"]
[PlyCount "147"]
[EventDate "2019.07.27"]
[EventType "swiss"]
[EventRounds "9"]
[EventCountry "AND"]
[WhiteClock "0:02:59"]
[BlackClock "0:03:56"]

1. d4 {[%emt 0:00:06]} Nf6 {[%emt 0:00:07]} 2. c4 {[%emt 0:00:18]} g6 {[%emt 0:
00:12]} 3. Nc3 {[%emt 0:00:25]} Bg7 {[%emt 0:00:16]} 4. e4 {[%emt 0:00:30]} d6
{[%emt 0:00:11]} 5. Bg5 {[%emt 0:00:47]} O-O {[%emt 0:01:02]} 6. Qd2 {[%emt 0:
00:32]} Na6 {[%emt 0:03:46]} 7. Rd1 {[%emt 0:01:12]} c6 {[%emt 0:03:29]} 8. Be2
{[%emt 0:01:20]} Nc7 {[%emt 0:02:19]} 9. Bf3 {[%emt 0:01:33]} Qe8 {[%emt 0:07:
45]} 10. Nge2 {[%emt 0:01:15]} e5 {[%emt 0:06:01]} 11. O-O {[%emt 0:01:36]} Ne6
{[%emt 0:06:59]} 12. Be3 {[%emt 0:01:56]} exd4 {[%emt 0:10:38]} 13. Nxd4 {
[%emt 0:00:29]} Nc5 {[%emt 0:00:44]} 14. e5 {[%emt 0:14:30]} dxe5 {[%emt 0:10:
04]} 15. Nxc6 {[%emt 0:02:13]} Nce4 {[%emt 0:10:25]} 16. Nxe4 {[%emt 0:03:48]}
Qxc6 {[%emt 0:00:11]} 17. Qd6 {[%emt 0:12:31]} Qxd6 {[%emt 0:04:46]} 18. Nxd6 {
[%emt 0:00:40]} Bg4 {[%emt 0:04:06]} 19. Bxb7 {[%emt 0:21:43]} Bxd1 {[%emt 0:
02:15]} 20. Bxa8 {[%emt 0:00:11]} Be2 {[%emt 0:00:26]} 21. Bb7 {[%emt 0:14:16]}
Bxf1 {[%emt 0:07:11]} 22. Kxf1 {[%emt 0:00:11]} Rd8 {[%emt 0:00:05]} 23. c5 {
[%emt 0:00:33]} Ng4 {[%emt 0:02:21]} 24. Nc4 {[%emt 0:13:42]} Nxe3+ {[%emt 0:
04:31]} 25. fxe3 {[%emt 0:00:17]} Rd1+ {[%emt 0:05:55]} 26. Ke2 {[%emt 0:00:09]
} Rc1 {[%emt 0:00:06]} 27. Ba6 {[%emt 0:02:25]} Bf6 {[%emt 0:02:32]} 28. Kd2 {
[%emt 0:00:50]} Rg1 {[%emt 0:01:23]} 29. Bb7 {[%emt 0:00:21]} Kf8 {[%emt 0:00:
54]} 30. b4 {[%emt 0:02:48]} Ra1 {[%emt 0:02:44]} 31. a3 {[%emt 0:00:18]} Bd8 {
[%emt 0:00:50]} 32. Kc2 {[%emt 0:00:24]} f5 {[%emt 0:01:02]} 33. b5 {[%emt 0:
00:49]} e4 {[%emt 0:00:46]} 34. g3 {[%emt 0:01:27]} Be7 {[%emt 0:00:49]} 35. c6
{[%emt 0:00:48]} Bd8 {[%emt 0:00:02]} 36. Kb2 {[%emt 0:00:36]} Rh1 {[%emt 0:00:
31]} 37. Kb3 {[%emt 0:00:40]} Rxh2 {[%emt 0:00:50]} 38. a4 {[%emt 0:00:06]} Rh1
{[%emt 0:00:07]} 39. a5 {[%emt 0:01:02]} Rb1+ {[%emt 0:00:08]} 40. Ka4 {
[%emt 0:00:15]} Ke7 {[%emt 0:01:24]} 41. Na3 {[%emt 0:03:11]} Ra1 {[%emt 0:05:
48]} 42. b6 {[%emt 0:02:28]} axb6 {[%emt 0:00:42]} 43. a6 {[%emt 0:00:07]} Bc7
{[%emt 0:01:59]} 44. a7 {[%emt 0:04:36]} b5+ {[%emt 0:09:06]} 45. Kb3 {[%emt 0:
08:11]} b4 {[%emt 0:02:13]} 46. Nb5 {[%emt 0:01:40]} Bxg3 {[%emt 0:00:38]} 47.
a8=Q {[%emt 0:04:03]} Rxa8 {[%emt 0:00:08]} 48. Bxa8 {[%emt 0:00:02]} Kd8 {
[%emt 0:04:48]} 49. Nd4 {[%emt 0:01:56]} h5 {[%emt 0:03:04]} 50. Ne6+ {[%emt 0:
02:31]} Kc8 {[%emt 0:00:10]} 51. Bb7+ {[%emt 0:00:37]} Kb8 {[%emt 0:00:05]} 52.
Kxb4 {[%emt 0:01:22]} h4 {[%emt 0:00:49]} 53. Ba6 {[%emt 0:05:38]} h3 {[%emt 0:
05:25]} 54. Bf1 {[%emt 0:00:10]} h2 {[%emt 0:00:31]} 55. Bg2 {[%emt 0:00:01]}
Bf2 {[%emt 0:00:19]} 56. Nf4 {[%emt 0:01:06]} Bxe3 {[%emt 0:01:32]} 57. Nxg6 {
[%emt 0:00:14]} Kc7 {[%emt 0:00:25]} 58. Kb5 {[%emt 0:01:08]} Bg5 {[%emt 0:00:
48]} 59. Nf8 {[%emt 0:00:21]} Kd6 {[%emt 0:00:33]} 60. c7 {[%emt 0:00:59]} Kxc7
{[%emt 0:00:07]} 61. Ne6+ {[%emt 0:00:10]} Kd6 {[%emt 0:00:14]} 62. Nxg5 {
[%emt 0:00:04]} Ke5 {[%emt 0:00:16]} 63. Kc4 {[%emt 0:01:12]} Kf4 {[%emt 0:00:
27]} 64. Ne6+ {[%emt 0:00:33]} Kg3 {[%emt 0:00:25]} 65. Bh1 {[%emt 0:00:05]}
Kf2 {[%emt 0:00:24]} 66. Nf4 {[%emt 0:00:50]} Kg1 {[%emt 0:00:55]} 67. Bg2 {
[%emt 0:00:21]} h1=Q {[%emt 0:00:17]} 68. Bxh1 {[%emt 0:00:07]} Kxh1 {[%emt 0:
00:04]} 69. Kd4 {[%emt 0:00:07]} Kg1 {[%emt 0:00:22]} 70. Ke3 {[%emt 0:00:13]}
Kf1 {[%emt 0:00:11]} 71. Ne2 {[%emt 0:00:22]} f4+ {[%emt 0:00:15]} 72. Nxf4 {
[%emt 0:00:14]} Ke1 {[%emt 0:00:04]} 73. Nd3+ {[%emt 0:00:20]} exd3 {[%emt 0:
00:07]} 74. Kxd3 {[%emt 0:00:02]} 1/2-1/2

[Event "Andorra Open"]
[Site "Escaldes"]
[Date "2019.07.30"]
[Round "4.3"]
[White "Narciso Dublan, Marc"]
[Black "Admiraal, Miguoel"]
[Result "1/2-1/2"]
[WhiteElo "2489"]
[BlackElo "2504"]
[PlyCount "134"]
[EventDate "2019.07.27"]
[EventType "swiss"]
[EventRounds "9"]
[EventCountry "AND"]
[WhiteClock "0:00:43"]
[BlackClock "0:03:27"]

1. d4 {[%emt 0:00:01]} d5 {[%emt 0:03:16]} 2. c4 {[%emt 0:00:10]} c6 {[%emt 0:
00:37]} 3. Nf3 {[%emt 0:00:17]} Nf6 {[%emt 0:00:10]} 4. e3 {[%emt 0:00:14]} Bf5
{[%emt 0:01:44]} 5. Nc3 {[%emt 0:00:30]} e6 {[%emt 0:00:53]} 6. Nh4 {[%emt 0:
00:16]} Be4 {[%emt 0:01:21]} 7. f3 {[%emt 0:00:17]} Bg6 {[%emt 0:00:06]} 8. Qb3
{[%emt 0:00:27]} Qc7 {[%emt 0:00:26]} 9. Bd2 {[%emt 0:00:28]} Be7 {[%emt 0:00:
07]} 10. cxd5 {[%emt 0:00:37]} cxd5 {[%emt 0:00:51]} 11. Nxg6 {[%emt 0:01:29]}
hxg6 {[%emt 0:00:06]} 12. O-O-O {[%emt 0:00:20]} Nc6 {[%emt 0:00:05]} 13. Kb1 {
[%emt 0:00:28]} Rc8 {[%emt 0:02:32]} 14. Rc1 {[%emt 0:02:03]} O-O {[%emt 0:09:
24]} 15. Qd1 {[%emt 0:08:04]} Rfd8 {[%emt 0:14:10]} 16. g4 {[%emt 0:03:29]} Qd7
{[%emt 0:24:54]} 17. h4 {[%emt 0:10:43]} Na5 {[%emt 0:02:31]} 18. h5 {[%emt 0:
30:34]} g5 {[%emt 0:02:57]} 19. Rc2 {[%emt 0:01:41]} Nc4 {[%emt 0:01:13]} 20.
Bxc4 {[%emt 0:02:37]} Rxc4 {[%emt 0:01:12]} 21. Qe2 {[%emt 0:01:12]} Rdc8 {
[%emt 0:02:50]} 22. Rhc1 {[%emt 0:00:15]} a6 {[%emt 0:03:42]} 23. Qd3 {[%emt 0:
03:46]} b5 {[%emt 0:00:50]} 24. b3 {[%emt 0:03:39]} Qb7 {[%emt 0:05:48]} 25.
Ka1 {[%emt 0:00:32]} R4c6 {[%emt 0:00:40]} 26. Ne2 {[%emt 0:00:55]} Nd7 {
[%emt 0:06:45]} 27. Kb1 {[%emt 0:04:12]} Nb6 {[%emt 0:03:44]} 28. Rxc6 {
[%emt 0:00:38]} Rxc6 {[%emt 0:00:03]} 29. Rxc6 {[%emt 0:00:27]} Qxc6 {[%emt 0:
00:03]} 30. Qc3 {[%emt 0:07:39]} Qb7 {[%emt 0:01:16]} 31. Nc1 {[%emt 0:00:47]}
Nd7 {[%emt 0:02:45]} 32. Nd3 {[%emt 0:00:23]} Bd6 {[%emt 0:01:44]} 33. Qc2 {
[%emt 0:02:08]} Qc7 {[%emt 0:05:30]} 34. Bb4 {[%emt 0:03:20]} Qxc2+ {[%emt 0:
01:03]} 35. Kxc2 {[%emt 0:00:06]} Bxb4 {[%emt 0:01:50]} 36. Nxb4 {[%emt 0:00:
05]} Nb8 {[%emt 0:00:03]} 37. a3 {[%emt 0:04:26]} a5 {[%emt 0:01:15]} 38. Nd3 {
[%emt 0:03:04]} Kf8 {[%emt 0:00:39]} 39. f4 {[%emt 0:01:56]} gxf4 {[%emt 0:00:
24]} 40. Nxf4 {[%emt 0:00:09]} Nc6 {[%emt 0:00:35]} 41. Kd3 {[%emt 0:05:50]}
Ne7 {[%emt 0:09:51]} 42. e4 {[%emt 0:09:02]} g5 {[%emt 0:11:52]} 43. Ne2 {
[%emt 0:13:28]} dxe4+ {[%emt 0:05:59]} 44. Kxe4 {[%emt 0:00:03]} Nd5 {[%emt 0:
00:07]} 45. Ng3 {[%emt 0:01:51]} a4 {[%emt 0:01:46]} 46. bxa4 {[%emt 0:00:40]}
bxa4 {[%emt 0:00:05]} 47. Kd3 {[%emt 0:04:04]} f5 {[%emt 0:02:15]} 48. gxf5 {
[%emt 0:00:35]} exf5 {[%emt 0:00:04]} 49. Nxf5 {[%emt 0:01:16]} Nf4+ {[%emt 0:
00:03]} 50. Kc4 {[%emt 0:00:43]} Nxh5 {[%emt 0:00:04]} 51. Kb5 {[%emt 0:00:18]}
g4 {[%emt 0:00:40]} 52. Kxa4 {[%emt 0:01:41]} g3 {[%emt 0:00:21]} 53. Nh4 {
[%emt 0:01:34]} Ke8 {[%emt 0:03:04]} 54. Kb5 {[%emt 0:00:20]} Kd7 {[%emt 0:00:
10]} 55. a4 {[%emt 0:01:15]} Nf4 {[%emt 0:00:23]} 56. a5 {[%emt 0:00:26]} g2 {
[%emt 0:01:15]} 57. Nxg2 {[%emt 0:00:29]} Nxg2 {[%emt 0:00:04]} 58. Kb6 {
[%emt 0:00:15]} Nf4 {[%emt 0:00:43]} 59. a6 {[%emt 0:00:24]} Nd5+ {[%emt 0:00:
20]} 60. Kb7 {[%emt 0:00:36]} Nc7 {[%emt 0:00:23]} 61. a7 {[%emt 0:00:04]} Kd6
{[%emt 0:00:40]} 62. Kc8 {[%emt 0:01:14]} Na8 {[%emt 0:00:09]} 63. Kb8 {
[%emt 0:00:21]} Nc7 {[%emt 0:00:11]} 64. Kb7 {[%emt 0:00:19]} Kd7 {[%emt 0:00:
04]} 65. d5 {[%emt 0:00:49]} Kd6 {[%emt 0:00:08]} 66. Kb8 {[%emt 0:00:22]} Kd7
{[%emt 0:00:05]} 67. Kb7 {[%emt 0:00:31]} Kd6 {[%emt 0:00:07]} 1/2-1/2

[Event "Andorra Open"]
[Site "Escaldes"]
[Date "2019.07.30"]
[Round "4.5"]
[White "Kirk, Ezra"]
[Black "Peralta, Fernando"]
[Result "0-1"]
[WhiteElo "2420"]
[BlackElo "2562"]
[PlyCount "165"]
[EventDate "2019.07.27"]
[EventType "swiss"]
[EventRounds "9"]
[EventCountry "AND"]
[WhiteClock "0:01:38"]
[BlackClock "0:01:31"]

1. e4 {[%emt 0:00:03]} e6 {[%emt 0:00:10]} 2. d4 {[%emt 0:00:14]} d5 {[%emt 0:
00:05]} 3. Nc3 {[%emt 0:00:04]} Nf6 {[%emt 0:00:08]} 4. Bg5 {[%emt 0:00:18]}
dxe4 {[%emt 0:00:10]} 5. Nxe4 {[%emt 0:00:25]} Nbd7 {[%emt 0:00:06]} 6. Nf3 {
[%emt 0:04:16]} h6 {[%emt 0:00:22]} 7. Nxf6+ {[%emt 0:05:12]} Nxf6 {[%emt 0:00:
08]} 8. Bh4 {[%emt 0:07:38]} c5 {[%emt 0:00:39]} 9. Be2 {[%emt 0:07:56]} Be7 {
[%emt 0:07:21]} 10. dxc5 {[%emt 0:03:57]} Qa5+ {[%emt 0:01:14]} 11. c3 {
[%emt 0:01:29]} Qxc5 {[%emt 0:00:12]} 12. O-O {[%emt 0:02:41]} O-O {[%emt 0:01:
25]} 13. Bd3 {[%emt 0:02:56]} b6 {[%emt 0:04:55]} 14. Qe2 {[%emt 0:04:41]} Bb7
{[%emt 0:01:04]} 15. Rad1 {[%emt 0:06:29]} Rad8 {[%emt 0:12:33]} 16. Ne5 {
[%emt 0:05:56]} Rfe8 {[%emt 0:19:06]} 17. Rfe1 {[%emt 0:04:47]} Qc8 {[%emt 0:
01:54]} 18. a4 {[%emt 0:15:03]} Rd5 {[%emt 0:07:59]} 19. Bc2 {[%emt 0:04:23]}
Rxd1 {[%emt 0:06:45]} 20. Rxd1 {[%emt 0:02:44]} Rd8 {[%emt 0:00:27]} 21. Bb3 {
[%emt 0:01:23]} Rxd1+ {[%emt 0:04:09]} 22. Qxd1 {[%emt 0:01:08]} Qc5 {[%emt 0:
04:26]} 23. Qe2 {[%emt 0:00:38]} Ne4 {[%emt 0:02:45]} 24. Bxe7 {[%emt 0:02:43]}
Qxe7 {[%emt 0:00:19]} 25. Bc2 {[%emt 0:02:07]} Qg5 {[%emt 0:02:42]} 26. Bxe4 {
[%emt 0:04:03]} Bxe4 {[%emt 0:00:56]} 27. f3 {[%emt 0:00:35]} Bd5 {[%emt 0:01:
12]} 28. c4 {[%emt 0:01:03]} Bb7 {[%emt 0:02:27]} 29. Nd3 {[%emt 0:00:06]} Qh4
{[%emt 0:01:52]} 30. b3 {[%emt 0:04:18]} Qd4+ {[%emt 0:00:34]} 31. Nf2 {
[%emt 0:00:05]} e5 {[%emt 0:06:37]} 32. h3 {[%emt 0:02:59]} f5 {[%emt 0:02:02]}
33. Qd3 {[%emt 0:01:39]} Qxd3 {[%emt 0:00:50]} 34. Nxd3 {[%emt 0:00:04]} e4 {
[%emt 0:00:15]} 35. Ne5 {[%emt 0:00:04]} g5 {[%emt 0:05:22]} 36. a5 {[%emt 0:
01:39]} bxa5 {[%emt 0:02:23]} 37. c5 {[%emt 0:00:10]} exf3 {[%emt 0:01:41]} 38.
c6 {[%emt 0:00:25]} Ba6 {[%emt 0:00:23]} 39. gxf3 {[%emt 0:01:12]} Kf8 {
[%emt 0:01:22]} 40. Kf2 {[%emt 0:01:37]} f4 {[%emt 0:00:51]} 41. h4 {[%emt 0:
12:33]} Ke7 {[%emt 0:13:00]} 42. h5 {[%emt 0:05:26]} Bc8 {[%emt 0:01:33]} 43.
Ke2 {[%emt 0:00:44]} Be6 {[%emt 0:03:08]} 44. c7 {[%emt 0:00:07]} Kd6 {[%emt 0:
00:50]} 45. c8=Q {[%emt 0:05:24]} Bxc8 {[%emt 0:00:20]} 46. Nf7+ {[%emt 0:00:
19]} Ke7 {[%emt 0:07:01]} 47. Nxh6 {[%emt 0:00:46]} Be6 {[%emt 0:00:07]} 48.
Ng4 {[%emt 0:01:50]} Bxb3 {[%emt 0:00:43]} 49. Nf2 {[%emt 0:01:14]} a4 {
[%emt 0:02:25]} 50. Kd2 {[%emt 0:00:41]} Bd5 {[%emt 0:02:06]} 51. h6 {[%emt 0:
00:04]} Kf6 {[%emt 0:02:35]} 52. h7 {[%emt 0:01:48]} Kg7 {[%emt 0:00:03]} 53.
Nh3 {[%emt 0:01:06]} Bxf3 {[%emt 0:01:23]} 54. Nxg5 {[%emt 0:00:09]} Bd5 {
[%emt 0:00:17]} 55. Kc3 {[%emt 0:01:57]} a3 {[%emt 0:00:41]} 56. Kc2 {[%emt 0:
00:03]} Bc4 {[%emt 0:01:43]} 57. Kc3 {[%emt 0:00:16]} Kh8 {[%emt 0:00:32]} 58.
Kc2 {[%emt 0:00:04]} a6 {[%emt 0:00:38]} 59. Kc3 {[%emt 0:01:03]} a2 {[%emt 0:
00:33]} 60. Kb2 {[%emt 0:00:08]} Bd5 {[%emt 0:00:22]} 61. Ka1 {[%emt 0:00:16]}
a5 {[%emt 0:00:07]} 62. Kb2 {[%emt 0:00:11]} a4 {[%emt 0:00:24]} 63. Ka1 {
[%emt 0:01:36]} a3 {[%emt 0:00:07]} 64. Nf7+ {[%emt 0:02:15]} Kxh7 {[%emt 0:00:
12]} 65. Ne5 {[%emt 0:00:04]} Kg7 {[%emt 0:00:55]} 66. Ng4 {[%emt 0:00:20]} f3
{[%emt 0:00:34]} 67. Nf2 {[%emt 0:00:04]} Kg6 {[%emt 0:00:29]} 68. Nd3 {
[%emt 0:00:42]} Kf5 {[%emt 0:00:18]} 69. Nf2 {[%emt 0:00:22]} Bc4 {[%emt 0:01:
03]} 70. Ng4 {[%emt 0:00:45]} Kf4 {[%emt 0:00:51]} 71. Nf2 {[%emt 0:00:59]} Ke3
{[%emt 0:00:43]} 72. Ng4+ {[%emt 0:00:57]} Ke2 {[%emt 0:00:28]} 73. Ne3 {
[%emt 0:00:15]} Bd3 {[%emt 0:00:38]} 74. Ng4 {[%emt 0:00:33]} Bb1 {[%emt 0:00:
33]} 75. Ne3 {[%emt 0:01:03]} f2 {[%emt 0:00:26]} 76. Nf1 {[%emt 0:00:19]} Bg6
{[%emt 0:00:35]} 77. Nh2 {[%emt 0:00:39]} Bf7 {[%emt 0:00:16]} 78. Nf1 {
[%emt 0:00:08]} Bg6 {[%emt 0:00:08]} 79. Nh2 {[%emt 0:00:22]} Bf5 {[%emt 0:00:
49]} 80. Kxa2 {[%emt 0:00:08]} Ke3 {[%emt 0:00:10]} 81. Kxa3 {[%emt 0:02:15]}
Kf4 {[%emt 0:00:11]} 82. Kb2 {[%emt 0:00:34]} Bd3 {[%emt 0:01:14]} 83. Nf1 {
[%emt 0:00:09]} 0-1

[Event "Andorra Open"]
[Site "Escaldes"]
[Date "2019.07.30"]
[Round "4.6"]
[White "Kharitonov, Alexandr"]
[Black "Vega Gutierrez, Sabrina"]
[Result "1/2-1/2"]
[WhiteElo "2540"]
[BlackElo "2385"]
[PlyCount "126"]
[EventDate "2019.07.27"]
[EventType "swiss"]
[EventRounds "9"]
[EventCountry "AND"]
[WhiteClock "0:17:06"]
[BlackClock "0:04:46"]

1. d4 {[%emt 0:00:46]} d5 {[%emt 0:00:08]} 2. c4 {[%emt 0:00:13]} e6 {[%emt 0:
00:07]} 3. Nf3 {[%emt 0:00:28]} c6 {[%emt 0:00:18]} 4. Nbd2 {[%emt 0:00:21]}
Nf6 {[%emt 0:00:48]} 5. e3 {[%emt 0:00:39]} c5 {[%emt 0:00:31]} 6. cxd5 {
[%emt 0:00:21]} Nxd5 {[%emt 0:01:24]} 7. e4 {[%emt 0:00:29]} Nb6 {[%emt 0:03:
29]} 8. dxc5 {[%emt 0:00:35]} Bxc5 {[%emt 0:00:18]} 9. Be2 {[%emt 0:00:25]} Nc6
{[%emt 0:08:26]} 10. O-O {[%emt 0:00:42]} O-O {[%emt 0:00:46]} 11. Nb3 {
[%emt 0:01:15]} Bd6 {[%emt 0:04:10]} 12. a4 {[%emt 0:10:48]} Qe7 {[%emt 0:02:
40]} 13. Bg5 {[%emt 0:05:07]} f6 {[%emt 0:00:45]} 14. Be3 {[%emt 0:00:04]} Rd8
{[%emt 0:02:42]} 15. Qc1 {[%emt 0:01:33]} Nd7 {[%emt 0:14:16]} 16. Rd1 {
[%emt 0:00:35]} Nf8 {[%emt 0:05:48]} 17. Nbd4 {[%emt 0:03:53]} Bd7 {[%emt 0:01:
36]} 18. Qc4 {[%emt 0:00:36]} Kh8 {[%emt 0:05:50]} 19. Nb5 {[%emt 0:07:18]} Bb4
{[%emt 0:10:21]} 20. e5 {[%emt 0:00:22]} Ng6 {[%emt 0:00:33]} 21. exf6 {
[%emt 0:00:45]} gxf6 {[%emt 0:00:06]} 22. Qg4 {[%emt 0:12:35]} a6 {[%emt 0:03:
36]} 23. Nc3 {[%emt 0:00:41]} Nce5 {[%emt 0:00:51]} 24. Qh3 {[%emt 0:09:54]}
Nxf3+ {[%emt 0:05:24]} 25. Bxf3 {[%emt 0:00:05]} e5 {[%emt 0:01:49]} 26. Qh5 {
[%emt 0:04:15]} Bxc3 {[%emt 0:00:43]} 27. bxc3 {[%emt 0:00:04]} Be6 {[%emt 0:
00:48]} 28. Be4 {[%emt 0:02:13]} Qf7 {[%emt 0:02:22]} 29. Rab1 {[%emt 0:01:00]}
Bd5 {[%emt 0:08:04]} 30. Bxd5 {[%emt 0:05:24]} Rxd5 {[%emt 0:00:03]} 31. Rxd5 {
[%emt 0:00:06]} Qxd5 {[%emt 0:00:12]} 32. Qf5 {[%emt 0:00:13]} Kg7 {[%emt 0:01:
12]} 33. Qf3 {[%emt 0:01:23]} Qxf3 {[%emt 0:04:40]} 34. gxf3 {[%emt 0:00:05]}
b5 {[%emt 0:01:30]} 35. axb5 {[%emt 0:02:48]} axb5 {[%emt 0:00:02]} 36. Rxb5 {
[%emt 0:03:42]} Ra1+ {[%emt 0:02:01]} 37. Kg2 {[%emt 0:00:03]} Nf4+ {[%emt 0:
09:54]} 38. Bxf4 {[%emt 0:02:14]} exf4 {[%emt 0:00:02]} 39. Kh3 {[%emt 0:00:07]
} Rc1 {[%emt 0:01:06]} 40. Rc5 {[%emt 0:00:10]} Rc2 {[%emt 0:00:22]} 41. Kg4 {
[%emt 0:00:28]} Kg6 {[%emt 0:03:22]} 42. Kxf4 {[%emt 0:04:45]} Rxf2 {[%emt 0:
00:14]} 43. h4 {[%emt 0:00:03]} h5 {[%emt 0:00:47]} 44. Rc4 {[%emt 0:02:28]}
Rh2 {[%emt 0:00:27]} 45. Ke3 {[%emt 0:00:11]} Kf5 {[%emt 0:01:22]} 46. Rf4+ {
[%emt 0:04:29]} Ke5 {[%emt 0:00:11]} 47. Re4+ {[%emt 0:00:52]} Kd6 {[%emt 0:06:
44]} 48. c4 {[%emt 0:04:53]} Rh1 {[%emt 0:04:36]} 49. Rd4+ {[%emt 0:00:30]} Ke6
{[%emt 0:01:00]} 50. Kd2 {[%emt 0:11:03]} Rh3 {[%emt 0:05:21]} 51. Ke2 {
[%emt 0:05:09]} Rh1 {[%emt 0:03:10]} 52. Kf2 {[%emt 0:07:00]} Rh2+ {[%emt 0:04:
26]} 53. Kg3 {[%emt 0:00:10]} Rh1 {[%emt 0:00:24]} 54. Kg2 {[%emt 0:00:09]} Rc1
{[%emt 0:00:21]} 55. Kf2 {[%emt 0:00:04]} Ke5 {[%emt 0:01:06]} 56. Re4+ {
[%emt 0:00:13]} Kd6 {[%emt 0:00:06]} 57. Kg2 {[%emt 0:00:26]} f5 {[%emt 0:00:
36]} 58. Re8 {[%emt 0:03:10]} Rxc4 {[%emt 0:01:13]} 59. Kh3 {[%emt 0:00:55]} f4
{[%emt 0:00:30]} 60. Rh8 {[%emt 0:00:05]} Rc5 {[%emt 0:00:27]} 61. Rh6+ {
[%emt 0:01:46]} Ke7 {[%emt 0:00:13]} 62. Ra6 {[%emt 0:01:23]} Rc3 {[%emt 0:00:
22]} 63. Rh6 {[%emt 0:00:18]} Rxf3+ {[%emt 0:00:36]} 1/2-1/2